Normal view
MARC view
Entry Personal Name
001 - CONTROL NUMBER
- control field: 4926
003 - CONTROL NUMBER IDENTIFIER
- control field: OSt
005 - DATE AND TIME OF LATEST TRANSACTION
- control field: 20190429154954.0
008 - FIXED-LENGTH DATA ELEMENTS
- fixed length control field: 190429|| aca||aabn | a|a d
040 ## - CATALOGING SOURCE
- Original cataloging agency: OSt
- Transcribing agency: OSt
100 ## - HEADING--PERSONAL NAME
- Personal name: Mishra, Pragatika
670 ## - SOURCE DATA FOUND
- Source citation: Work cat.: (OSt): Mishra, Pragatika, Effects of Deen Dayal Upadhyaya Grameen Kaushalya Yojna (DDU-GKY) on employment and income in Keonjhar district of Odisha, 2018
